000 nam a22 7a 4500
999 _c8003
_d8003
005 20190910075413.0
008 190910b xxu||||| |||| 00| 0 eng d
020 _bpaperback
040 _beng
_cAPEC Schools Library
_erda
082 _aF 818.5403
_bC156r 2013
100 _aCallanta, John
245 _aReal time : devotions for Filipino youth /
_cJohn Callanta
264 _aMakati City :
_bCross Over Books,
_c©2013.
300 _a180 pages ;
336 _2rdacontent
_atext
337 _2rdamedia
_aunmediated
338 _2rdacarrier
_avolume
650 _aReligion.
650 _aDevotion.
650 _aPrayer.
650 _aFaith.
942 _2ddc
_cNFIC